[Event "FSIMA Oct"]
[Site "Budapest HUN"]
[Date "2011.10.04"]
[Round "4"]
[White "Sisatto,O"]
[Black "Kantor,G"]
[Result "1/2-1/2"]
[WhiteElo "2236"]
[BlackElo "2268"]

1.d4 Nf6 2.c4 e6 3.Nf3 Bb4+ 4.Nbd2 b6 5.e3 Bb7 6.Be2 O-O 7.a3 Be7 8.O-O c5
9.b3 cxd4 10.Nxd4 d5 11.Bb2 Nc6 12.Nxc6 Bxc6 13.Bf3 Rc8 14.Qe2 dxc4 15.Nxc4 Bxf3
16.Qxf3 Qd3 17.Rab1 Qe4 18.Qg3 Rcd8 19.a4 Rd7 20.Bd4 Nh5 21.Qe5 Qg6 22.Qb5 Nf4
23.exf4 Rxd4 24.Ne5 Qe4 25.Nc6 Rd7 26.Rbd1 Rc7 27.Nxe7+ Rxe7 28.g3 h6  1/2-1/2

[Event "FSGM Oct"]
[Site "Budapest HUN"]
[Date "2011.10.05"]
[Round "5"]
[White "Arnold,Mar"]
[Black "Battey,A"]
[Result "1/2-1/2"]
[WhiteElo "2505"]
[BlackElo "2313"]

1.d4 Nf6 2.Nf3 e6 3.c4 Bb4+ 4.Nbd2 O-O 5.a3 Be7 6.e4 d5 7.e5 Nfd7 8.cxd5 exd5
9.b4 a5 10.b5 c5 11.Be2 a4 12.dxc5 Nxc5 13.Bb2 Nbd7 14.O-O Ne6 15.Nd4 Nxd4
16.Bxd4 Nc5 17.f4 Ne6 18.Bb2 Bc5+ 19.Kh1 Bd4 20.Bxd4 Nxd4 21.Bd3 g6 22.Rb1 Bf5
23.Nf3 Bxd3 24.Qxd3 Nxf3 25.Qxf3 Qd7 26.Rfd1 Rad8 27.Rd4 f6 28.exf6 Rxf6
29.h3 Rd6 30.Rxa4 d4 31.Qd3 Qf5 32.Qxf5 gxf5 33.Rd1 d3 34.Rb4 Rc8 35.Rb3 d2
36.Rbb1 Rc4 37.Rf1 Rd3 38.Ra1 Rcd4 39.Rfd1 Rxf4 40.Ra2 Rfd4 41.a4 b6 42.Kg1 Kf7
43.Kf2 f4 44.Ke2 Re3+ 45.Kf2 Red3  1/2-1/2

[Event "20th TCh-CRO 1b"]
[Site "Sibenik CRO"]
[Date "2011.10.05"]
[Round "2.3"]
[White "Chatalbashev,B"]
[Black "Tratar,M"]
[Result "1-0"]
[WhiteElo "2566"]
[BlackElo "2477"]

1.d4 Nf6 2.c4 e6 3.Nf3 Bb4+ 4.Nbd2 O-O 5.a3 Bxd2+ 6.Bxd2 Ne4 7.g3 Nxd2 8.Qxd2 d6
9.Bg2 Qe7 10.O-O e5 11.dxe5 dxe5 12.Qe3 Re8 13.b4 a5 14.c5 Bd7 15.Rab1 axb4
16.axb4 Bb5 17.Ng5 Bc6 18.Ne4 Nd7 19.Rfd1 Red8 20.Qf3 h6 21.h4 Kh8 22.Qg4 Nf6
23.Nxf6 Qxf6 24.Bxc6 Qxc6 25.Qf5 f6 26.g4 Qe8 27.Kg2 Kg8 28.e3 Rxd1 29.Rxd1 Rd8
30.Rxd8 Qxd8 31.Qe6+ Kh7 32.b5 Qd3 33.b6 cxb6 34.cxb6 Qe4+ 35.Kg3 Qh1 36.Qf5+ Kg8
37.Qe6+ Kf8 38.h5 Qg1+ 39.Kf3 Qh1+ 40.Ke2 Qe4 41.Qc8+ Kf7 42.Qc7+ Kg8 43.Qd7 Qc4+
44.Kf3 Qf1 45.Qd5+ Kh8 46.Kg3 Qg1+ 47.Qg2 Qxg2+ 48.Kxg2 Kg8 49.Kf3 Kf7 50.Ke4 Ke6
51.f3 Ke7 52.Kf5 Kf7 53.e4 Ke7 54.Kg6 Kf8 55.g5 fxg5 56.Kf5 Kf7 57.Kxe5 g6
58.hxg6+ Kxg6 59.Kd6 Kf7 60.e5  1-0

[Event "TCh-POL Ekstraliga"]
[Site "Katowice POL"]
[Date "2011.10.09"]
[Round "9"]
[White "Gajewski,G"]
[Black "Shkapenko,P"]
[Result "1-0"]
[WhiteElo "2607"]
[BlackElo "2419"]

1.d4 Nf6 2.c4 e6 3.Nf3 Bb4+ 4.Nbd2 d5 5.Qa4+ Nc6 6.a3 Be7 7.e3 O-O 8.Qc2 Re8
9.b4 Bf8 10.Bb2 a5 11.b5 Ne7 12.c5 e5 13.Nxe5 Bf5 14.Bd3 Bxd3 15.Qxd3 Nd7
16.Nxd7 Qxd7 17.O-O a4 18.Bc3 Ng6 19.Rfe1 Re6 20.Nf1 Rae8 21.Rab1 Nh4 22.Qd1 Rh6
23.Ng3 Ree6 24.Qg4 Qe8 25.e4 Reg6 26.Qe2 Qd7 27.Bd2 Nxg2 28.Bxh6 Nxe1 29.Be3 h5
30.h4 Be7 31.Rxe1 Bxh4 32.Kg2 Bxg3 33.fxg3 h4 34.Bf4 dxe4 35.Qxe4 Re6 36.Qb1 Qd5+
37.Kh3 g5 38.Be5 Qf3 39.Qe4 Qf2 40.Qe2 Qxe2 41.Rxe2 f6 42.d5 Re8 43.Bxc7 Rxe2
44.d6 Rd2 45.c6 bxc6 46.b6 Kf7 47.b7 Rb2 48.d7 Rxb7 49.d8=Q Rb3 50.Bd6 hxg3
51.Qf8+ Kg6 52.Bxg3  1-0

[Event "49th ch-IND NatA"]
[Site "Aurangabad IND"]
[Date "2011.10.12"]
[Round "4"]
[White "Swapnil,SD"]
[Black "Kunte,A"]
[Result "1/2-1/2"]
[WhiteElo "2411"]
[BlackElo "2528"]

1.d4 Nf6 2.c4 e6 3.Nf3 Bb4+ 4.Nbd2 b6 5.a3 Bxd2+ 6.Qxd2 Bb7 7.e3 d6 8.Be2 Nbd7
9.O-O a5 10.b3 O-O 11.Bb2 Qe7 12.Rfd1 Rfd8 13.Qc3 Ne4 14.Qc2 Nef6 15.Nd2 c5
16.Bf3 d5 17.cxd5 exd5 18.a4 Rac8 19.Qf5 Qe6 20.Qf4 h6 21.Rac1 Re8 22.h3 Ba6
23.Bc3 Bd3 24.dxc5 Rxc5 25.Qd4 Ne5 26.b4 axb4 27.Bxb4 Rxc1 28.Rxc1 Nxf3+
29.Nxf3 Bc4 30.Nd2 Rc8 31.Bc3 Ba6 32.Rb1 Rc6 33.Ba1 Ne8 34.Nf3  1/2-1/2

[Event "Indonesia Open"]
[Site "Jakarta INA"]
[Date "2011.10.17"]
[Round "7.6"]
[White "Mareco,S"]
[Black "Nguyen Van Huy"]
[Result "1-0"]
[WhiteElo "2597"]
[BlackElo "2449"]

1.d4 Nf6 2.c4 e6 3.Nf3 Bb4+ 4.Nbd2 b6 5.a3 Bxd2+ 6.Qxd2 Bb7 7.e3 O-O 8.Be2 a5
9.b3 d6 10.O-O Nbd7 11.Bb2 Qe7 12.Rad1 Ne4 13.Qc2 f5 14.d5 e5 15.Ne1 Qh4
16.f3 Ng5 17.f4 Ne4 18.Bd3 Qh6 19.Nf3 exf4 20.Nd4 Ndc5 21.exf4 Nxd3 22.Rxd3 Rae8
23.b4 axb4 24.axb4 Bc8 25.Ra3 Bd7 26.Ra7 Rc8 27.Ne2 Rfe8 28.Bd4 Nf6 29.Nc3 Qg6
30.Qd3 Re7 31.b5 Ne4 32.Re1 Qe8 33.h3 Qg6 34.Nxe4 fxe4 35.Qc3 h5 36.Re3 h4
37.Qe1 Qh5 38.Kh2 Kf8 39.Re2 Bf5 40.Bf2 Qh6 41.Bxh4 Qxf4+ 42.g3 Qe5 43.Bxe7+ Kxe7
44.Kg2 Kd7 45.g4 Bg6 46.Qa1 Qe7 47.Qd4 Rb8 48.Qe3 Qe5 49.Rf2 Qe7 50.Rf4 Qe5
51.h4 Qe7 52.h5 Bh7 53.Kg1 g5 54.Rf1 Qg7 55.Ra2 Re8 56.Raf2 Re7 57.Rf6 Qg8
58.Rf8 Qg7 59.R1f6 Bg8 60.h6 Qh7 61.Qxg5 e3 62.Qxg8 Qxg8 63.Rxg8 e2 64.Rf1  1-0

[Event "TCh-SUI 2011"]
[Site "Lausanne SUI"]
[Date "2011.10.23"]
[Round "9.2"]
[White "Schiendorfer,E"]
[Black "Vianin,P"]
[Result "1-0"]
[WhiteElo "2319"]
[BlackElo "2207"]

1.d4 Nf6 2.Nf3 e6 3.c4 Bb4+ 4.Nbd2 b6 5.a3 Bxd2+ 6.Qxd2 Bb7 7.e3 d6 8.Be2 O-O
9.b4 a5 10.b5 Nbd7 11.Bb2 Qe7 12.O-O Ne4 13.Qc2 f5 14.Ne1 Qh4 15.f3 Ng5 16.d5 e5
17.f4 Ne4 18.Nf3 Qh6 19.Bd3 Rae8 20.Rae1 exf4 21.exf4 Ndc5 22.Nd4 Bc8 23.Rd1 Bd7
24.Rf3 Re7 25.Rdf1 Rfe8 26.Rh3 Qg6 27.Be2 Qf7 28.Bh5 g6 29.Bd1 Nf6 30.Nf3 Nce4
31.Qd3 h5 32.Nh4 Kh7 33.Qd4 Rg8 34.Nf3 Rf8 35.Bc2 Qe8 36.Kh1 Ng4 37.Bxe4 fxe4
38.Ng5+ Kh6 39.Kg1 Nf6 40.Re3 Bf5 41.h3 h4 42.Qc3 Nh5 43.Qe1 Ng3 44.Rxg3  1-0

[Event "TCh-SVK Extraliga 2011-12"]
[Site "Slovakia SVK"]
[Date "2011.10.23"]
[Round "2"]
[White "Dobrotka,M"]
[Black "Rachela,M"]
[Result "0-1"]
[WhiteElo "2259"]
[BlackElo "2375"]

1.d4 Nf6 2.c4 e6 3.Nf3 Bb4+ 4.Nbd2 d5 5.e3 O-O 6.a3 Be7 7.Bd3 c6 8.O-O b6
9.Qe2 Nbd7 10.b3 Bb7 11.Bb2 c5 12.cxd5 Nxd5 13.Ba6 Qc8 14.Bxb7 Qxb7 15.dxc5 Nxc5
16.b4 Na4 17.Bd4 Rfc8 18.e4 Nac3 19.Bxc3 Nxc3 20.Qd3 a5 21.b5 Rc7 22.Rfe1 Rd8
23.Qf1 a4 24.Re3 Rc5 25.Rd3 Rdc8 26.Rd4 Bf6 27.e5 Bxe5 28.Nxe5 Rxe5 29.Rb4 Qd5
30.Nf3 Re4 31.Rxe4 Qxe4 32.Re1 Qc4 33.Ne5 Qxb5 34.Qxb5 Nxb5 35.Nd7 Rc6 36.Kf1 f6
37.Rb1 Nxa3 38.Rxb6 Rc1+ 39.Ke2 Rc2+ 40.Kf3 Nc4 41.Rxe6 a3 42.Ra6 a2 43.Nc5 Ne5+
44.Kg3 Rxc5 45.Rxa2 Kf7 46.h3 Rc3+ 47.Kh2 Nd3 48.Re2 Rb3 49.Re3 f5 50.g3 Kf6
51.Kg2 f4  0-1

[Event "12th Liberec Open"]
[Site "Liberec CZE"]
[Date "2011.10.26"]
[Round "5"]
[White "Bednar,Ma"]
[Black "Pedersen,HB"]
[Result "1-0"]
[WhiteElo "2257"]
[BlackElo "2118"]

1.d4 Nf6 2.Nf3 e6 3.c4 Bb4+ 4.Nbd2 Qe7 5.a3 Bxd2+ 6.Bxd2 b6 7.Bg5 h6 8.Bh4 g5
9.Bg3 d6 10.e3 Ne4 11.Bd3 Bb7 12.O-O Nd7 13.Nd2 f5 14.Nxe4 fxe4 15.Be2 Nf6
16.b4 a5 17.Qa4+ Qd7 18.b5 O-O 19.Rac1 Qe7 20.Rc2 Nd7 21.Qb3 Rf6 22.Bh5 Raf8
23.Rfc1 Qg7 24.Rc3 Rf5 25.Bg4 Qf7 26.Qd1 Rf6 27.Bh5 Qg7 28.a4 Rf5 29.Bg4 R5f6
30.h3 Qe7 31.R1c2 Qg7 32.Qa1 Qg6 33.Qd1 Qg7 34.Qe2 Qg6 35.Bh5 Qg7 36.Qe1 Kh7
37.Qa1 Kg8 38.c5 bxc5 39.dxc5 dxc5 40.Bxc7 Qe7 41.Bxa5 Bd5 42.Bc7 c4 43.Qa3 Qg7
44.a5 Rf5 45.Bg4 Nf6 46.Bd6 Nxg4 47.hxg4 R8f7 48.gxf5 exf5 49.Qc5 Be6 50.Qe5  1-0

[Event "TCh-CZE Liga 1 Zapad"]
[Site "Czech Rep CZE"]
[Date "2011.10.30"]
[Round "2.2"]
[White "Vedral, Oldrich"]
[Black "Chloupek, Stanislav"]
[Result "1-0"]
[WhiteElo "2296"]
[BlackElo "2338"]

1.d4 Nf6 2.Nf3 e6 3.c4 Bb4+ 4.Nbd2 b6 5.a3 Bxd2+ 6.Qxd2 Bb7 7.g3 O-O 8.Bg2 a5
9.b3 Be4 10.O-O d6 11.Bb2 Nbd7 12.Qc3 Re8 13.b4 axb4 14.axb4 Qe7 15.b5 Rxa1
16.Rxa1 Ra8 17.Rxa8+ Bxa8 18.Qa3 Qd8 19.Ne1 Bxg2 20.Kxg2 Qb8 21.f3 Qc8 22.Qa6 Qd8
23.Nd3 Nb8 24.Qb7 Ne8 25.Qa8 Nf6 26.Nb4 Nfd7 27.Qb7 e5 28.Nd5 exd4 29.Bxd4 Ne5
30.Bxe5 dxe5 31.Qxc7 Qxc7 32.Nxc7 Nd7 33.f4 f5 34.Kf3 Kf7 35.e4 g6 36.Ke3 Kf6
37.Nd5+ Ke6 38.exf5+ Kxf5 39.h3 exf4+ 40.gxf4 h6 41.Kd4 Ke6 42.Nxb6 Nxb6
43.Kc5 Nc8 44.Kc6 Nd6 45.c5 Nc4 46.b6 Na5+ 47.Kb5 Nb7 48.c6 Nd6+ 49.Kb4 Nc8
50.b7 Ne7 51.Kc5  1-0

[Event "MCC Melbourne Cup Weekender"]
[Site "Melbourne AUS"]
[Date "2011.11.01"]
[Round "8.3"]
[White "Brown,An"]
[Black "Pengelley,J"]
[Result "1-0"]
[WhiteElo "2216"]
[BlackElo "2034"]

1.d4 Nf6 2.c4 e6 3.Nf3 Bb4+ 4.Nbd2 b6 5.a3 Bxd2+ 6.Bxd2 Bb7 7.Bg5 h6 8.Bh4 d5
9.e3 O-O 10.Ne5 c5 11.Be2 Re8 12.Bh5 Rf8 13.O-O dxc4 14.Bf3 Bxf3 15.Qxf3 Qd5
16.Bxf6 Qxf3 17.Nxf3 gxf6 18.dxc5 Rc8 19.Rfd1 b5 20.Rd6 Kf8 21.Nd4 Ke7 22.Rd1 Rxc5
23.Rd8 a5 24.Rh8 Rd5 25.e4 Rd6 26.Kf1 Rb6 27.Ke2 Raa6 28.f4 Nd7 29.Rc8 Rd6
30.g4 Rab6 31.h4 Rb8 32.Nc6+ Rxc6 33.Rxc6 Rb7 34.Ke3 Nb6 35.Rdd6 Na4 36.Rd2 Nb6
37.Rh2 Na4 38.h5 Nb6 39.g5 Kd7 40.Rxb6 Rxb6 41.gxf6 b4 42.axb4 axb4 43.Rc2 Rb5
44.e5 c3 45.bxc3 b3 46.Rb2 Kc6 47.c4 Rb7 48.Kd4 Rb4 49.Kd3 Kc5 50.f5 exf5
51.Rb1 b2 52.e6 fxe6 53.f7 Rb8 54.Rxb2 Rf8 55.Rb7 e5 56.Kc3 e4 57.Rb5+ Kd6
58.Rxf5 Ke6 59.Rf1 Ke5 60.Kb4 e3 61.Kc5 e2 62.Re1 Rc8+ 63.Kb6 Kf6 64.Rxe2 Kxf7
65.c5 Rd8 66.c6 Rd1 67.Rc2 Rb1+ 68.Ka7 Ra1+ 69.Kb8 Rb1+ 70.Kc8 Ke7 71.c7 Rd1
72.Kb7 Rd7 73.Kc6 Rd6+ 74.Kb5 Rd5+ 75.Kb4 Rd4+ 76.Kc3  1-0

[Event "19th Skopje Open"]
[Site "Skopje MKD"]
[Date "2011.11.01"]
[Round "9"]
[White "Tairi,K"]
[Black "Jovancev,Orce"]
[Result "1-0"]
[WhiteElo "1764"]
[BlackElo "1737"]

1.d4 Nf6 2.c4 e6 3.Nf3 Bb4+ 4.Nbd2 O-O 5.e3 b6 6.Bd3 Bb7 7.O-O Bxd2 8.Bxd2 Ne4
9.Bb4 d6 10.Nd2 Qh4 11.Bxe4 Bxe4 12.g3  1-0

[Event "15th OIBM"]
[Site "Bad Wiessee GER"]
[Date "2011.11.02"]
[Round "5.10"]
[White "Kempinski,R"]
[Black "Smirnov,Arte"]
[Result "1-0"]
[WhiteElo "2604"]
[BlackElo "2444"]

1.d4 Nf6 2.c4 e6 3.Nf3 Bb4+ 4.Nbd2 O-O 5.a3 Be7 6.e3 c5 7.dxc5 Bxc5 8.Bd3 Be7
9.O-O b6 10.e4 d6 11.b4 Bb7 12.Bb2 Nbd7 13.Qe2 Re8 14.Rfd1 Qc7 15.Rac1 Rad8
16.Bc2 Rc8 17.Nd4 Ra8 18.Re1 Rac8 19.Rcd1 a6 20.f4 g6 21.Rf1 Qb8 22.Ba4 Red8
23.f5 e5 24.N4f3 Nh5 25.fxg6 hxg6 26.Bxd7 Rxd7 27.Qf2 Bd8 28.c5 bxc5 29.Nc4 f6
30.Nfxe5 fxe5 31.Rxd6 Rg7 32.Bxe5 Bc7 33.Bxg7 Nxg7 34.Qf7+ Kh8 35.Rxg6 Bxh2+
36.Kh1 Rc6 37.Qxg7+  1-0

[Event "1st Panama Open"]
[Site "Panama City PAN"]
[Date "2011.11.04"]
[Round "4.6"]
[White "Almeida Quintana,O"]
[Black "Gallegos,Ca"]
[Result "1-0"]
[WhiteElo "2538"]
[BlackElo "2404"]

1.d4 Nf6 2.c4 e6 3.Nf3 Bb4+ 4.Nbd2 d5 5.a3 Be7 6.e3 O-O 7.Qc2 b6 8.b3 Bb7
9.Bd3 Nbd7 10.Bb2 c5 11.cxd5 exd5 12.dxc5 bxc5 13.O-O Re8 14.Rfd1 Bf8 15.Bf5 h6
16.Rac1 Qb6 17.b4 c4 18.Bxd7 Nxd7 19.Nxc4 dxc4 20.Rxd7 Bc8 21.Rd4 Be6 22.Rh4 Be7
23.Rf4 a5 24.b5 Qxb5 25.Nd4 Qa6 26.Nxe6 Qxe6 27.Rxc4 Rab8 28.a4 Rb4 29.Bd4 Reb8
30.g3 h5 31.Rc8+ Bf8 32.Rxb8 Rxb8 33.Qc7 Bd6 34.Qxa5 Qg6 35.Qd5 h4 36.Kg2 Bf8
37.a5 Qh7 38.g4 h3+ 39.Kg3 Be7 40.a6 Rd8 41.Qf5 Qh6 42.a7 Bh4+ 43.Kf3 Qa6
44.Ra1 Qc6+ 45.Qe4  1-0

[Event "38th ch-IND w 2011"]
[Site "Chennai IND"]
[Date "2011.11.06"]
[Round "8"]
[White "Bhakti,K"]
[Black "Mahalakshmi,M"]
[Result "1/2-1/2"]
[WhiteElo "2289"]
[BlackElo "1954"]

1.d4 Nf6 2.c4 e6 3.Nf3 Bb4+ 4.Nbd2 O-O 5.a3 Bxd2+ 6.Bxd2 d5 7.Bg5 h6 8.Bh4 Nbd7
9.e3 c6 10.Bd3 dxc4 11.Bxc4 b5 12.Be2 Qb6 13.O-O Bb7 14.Rc1 Nd5 15.Bg3 Rac8
16.Bd6 Rfd8 17.Qc2 a5 18.e4 N5f6 19.e5 Nd5 20.Rfd1 b4 21.Ne1 b3 22.Qc4 Ra8
23.Bc5 Nxc5 24.dxc5 Qc7 25.Qe4 Ba6 26.Bxa6 Rxa6 27.Rd3 a4 28.Rd4 Ne7 29.Rd6 Nf5
30.Rxd8+ Qxd8 31.Qd3 Ra8 32.Rd1 Qa5 33.g4 Nh4 34.Qd6 Qb5  1/2-1/2

[Event "5th Mediterranean Open"]
[Site "Rijeka CRO"]
[Date "2011.11.13"]
[Round "3.1"]
[White "Haznedaroglu,K"]
[Black "Predojevic,B"]
[Result "1/2-1/2"]
[WhiteElo "2426"]
[BlackElo "2642"]

1.d4 e6 2.Nf3 Nf6 3.c4 Bb4+ 4.Nbd2 O-O 5.a3 Be7 6.g3 b6 7.Bg2 Bb7 8.O-O c5
9.b3 cxd4 10.Bb2 a6 11.Nxd4 Bxg2 12.Kxg2 Qc7 13.e4 d6 14.Qe2 Nc6 15.Rac1 Nxd4
16.Bxd4 Qb7 17.a4 Nd7 18.Rfd1 Rfe8 19.f3 Bf8 20.Rc3 Rac8 21.Rdc1 h6 22.Nb1 Nc5
23.Qc2 Rcd8 24.b4 Nd7 25.Qb3 Rc8 26.Nd2 Rc7 27.Qb1 Rec8 28.Qd3 Ne5 29.Qe3 Nd7
30.Qd3 Ne5 31.Qe3 Nd7  1/2-1/2

[Event "3rd Pilsen Open"]
[Site "Plzen CZE"]
[Date "2011.11.21"]
[Round "3"]
[White "Klement,L"]
[Black "Tsenov,Tsvetoslav"]
[Result "1-0"]
[WhiteElo "2250"]
[BlackElo "2142"]

1.d4 Nf6 2.c4 e6 3.Nf3 Bb4+ 4.Nbd2 b6 5.g3 Ba6 6.Qc2 Bb7 7.Bg2 Be4 8.Qb3 Nc6
9.O-O Bxd2 10.Bxd2 O-O 11.e3 Rb8 12.Rac1 b5 13.cxb5 a6 14.Ne5 Rxb5 15.Qa3 Bxg2
16.Kxg2 Nxe5 17.dxe5 Rxe5 18.Qxa6 Qb8 19.Bc3 Rb5 20.Rfd1 d5 21.Be5 Qb6 22.Qxb6 cxb6
23.b3 Ra8 24.Rc2 Nd7 25.Rdc1 f6 26.Bd6 Rba5 27.a4 Kf7 28.Rc6 R5a7 29.Rc7 Kg6
30.Rxa7 Rxa7 31.Rc7 Rxc7 32.Bxc7 e5 33.b4 d4 34.exd4 exd4 35.Kf3 d3 36.Ke3 Kf5
37.Kxd3 Kg4 38.Ke4 f5+ 39.Kd4 Kf3 40.a5 bxa5 41.bxa5 Nf8 42.Kd5 Ng6 43.Bd6  1-0

[Event "21st World Seniors"]
[Site "Rijeka CRO"]
[Date "2011.11.21"]
[Round "6.13"]
[White "Kolbak,J"]
[Black "Mishuchkov,N"]
[Result "1/2-1/2"]
[WhiteElo "2262"]
[BlackElo "2418"]

1.Nf3 Nf6 2.d4 e6 3.c4 Bb4+ 4.Nbd2 O-O 5.a3 Be7 6.e3 c5 7.Bd3 b6 8.O-O Bb7
9.b3 cxd4 10.exd4 d5 11.Qe2 Nc6 12.Bb2 Rc8 13.Rfd1 Re8 14.Rac1 a5 15.Nb1 Bd6
16.Ne5 Qe7 17.Re1 Bb8 18.Nd2 Red8 19.Nxc6 Bxc6 20.c5 bxc5 21.dxc5 d4 22.g3 Ba8
23.Ne4 Bxe4 24.Bxe4 Rxc5 25.Bd3 Rxc1 26.Rxc1 Bd6 27.Bxd4 Bxa3 28.Rc4 Bb4
29.Bc2 Nd5 30.Qe4 f5 31.Qe2 Bd6 32.Bb2 Nb4 33.Bb1 Rf8 34.Be5 h6 35.Rc1 Rd8
36.Re1 Bxe5 37.Qxe5 Rd5 38.Qe2 Qd7 39.Kg2 e5 40.g4 e4 41.Qc4 g6 42.gxf5 gxf5
43.f3 exf3+ 44.Kxf3 Qc6 45.Qxc6 Nxc6 46.Kf4 Nd4 47.Bd3 Ne6+  1/2-1/2

[Event "3rd Pilsen Open"]
[Site "Plzen CZE"]
[Date "2011.11.22"]
[Round "4"]
[White "Bartos,J"]
[Black "Klement,L"]
[Result "1/2-1/2"]
[WhiteElo "2230"]
[BlackElo "2250"]

1.d4 Nf6 2.Nf3 e6 3.c4 Bb4+ 4.Nbd2 b6 5.e3 Bb7 6.Bd3 O-O 7.O-O c5 8.a3 Bxd2
9.Bxd2 cxd4 10.Nxd4 d5 11.Bb4 Re8 12.Nb5 a5 13.Bd6 Na6 14.Be5 Nd7 15.Bg3 Ndc5
16.Nd6 Re7 17.Nxb7 Rxb7 18.Be2 Rd7 19.Qc2 Ne4 20.cxd5 Nxg3 21.hxg3 exd5 22.Rfd1 Rc8
23.Qb1 Nc5  1/2-1/2

[Event "Vizag GM Open"]
[Site "Visakhapatnam IND"]
[Date "2011.11.24"]
[Round "1"]
[White "Hema,P"]
[Black "Venkatesh,M"]
[Result "0-1"]
[WhiteElo "1909"]
[BlackElo "2499"]

1.d4 Nf6 2.c4 e6 3.Nf3 Bb4+ 4.Nbd2 b6 5.g3 Bb7 6.Bg2 O-O 7.O-O d5 8.Ne5 Re8
9.Qa4 Bf8 10.Re1 c5 11.Ndf3 Ne4 12.Be3 f6 13.Nd3 cxd4 14.Nxd4 e5 15.Nb5 d4
16.Bd2 Qd7 17.Qc2 Nxd2 18.Bxb7 Qxb7 19.Qxd2 a6 20.Na3 Nc6 21.Nc2 b5 22.c5 a5
23.b4 axb4 24.Ncxb4 Na5 25.Qc2 e4 26.Nf4 Rac8 27.a4 Rxc5 28.Qa2+ Rc4 29.Nbd5 bxa4
30.Rac1 Rec8 31.Rxc4 Rxc4 32.Rb1 Nb3 33.Kg2 Bd6 34.Qb2 Qc6 35.e3 Rc2  0-1

[Event "XII Puhajarve Handicap"]
[Site "Puhajarve EST"]
[Date "2011.11.25"]
[Round "10"]
[White "Nyback,T"]
[Black "Korchnoi,V"]
[Result "1/2-1/2"]
[WhiteElo "2631"]
[BlackElo "2567"]

1.d4 Nf6 2.c4 e6 3.Nf3 Bb4+ 4.Nbd2 b6 5.a3 Bxd2+ 6.Qxd2 Bb7 7.e3 a5 8.b3 d6
9.Be2 Nbd7 10.Bb2 O-O 11.O-O Qe7 12.Qc2 c5 13.Nd2 Rfc8 14.Rac1 d5 15.Qb1 cxd4
16.exd4 a4 17.b4 dxc4 18.Nxc4 Be4 19.Bd3 Bg6 20.Bxg6 hxg6 21.Qd3 Nd5 22.g3 Rc7
23.Ne5 Nxe5 24.dxe5 Rac8 25.Qb5 Rxc1 26.Rxc1 Rxc1+ 27.Bxc1 Qc7  1/2-1/2

[Event "XII Puhajarve Handicap"]
[Site "Puhajarve EST"]
[Date "2011.11.25"]
[Round "14"]
[White "Valgmae,Toomas"]
[Black "Korchnoi,V"]
[Result "1-0"]
[WhiteElo "2208"]
[BlackElo "2567"]

1.d4 e6 2.c4 Nf6 3.Nf3 Bb4+ 4.Nbd2 b6 5.g3 Bb7 6.Bg2 O-O 7.O-O Be7 8.b3 c5
9.Bb2 cxd4 10.Nxd4 Bxg2 11.Kxg2 Nc6 12.N2f3 Qc8 13.Nb5 d5 14.cxd5 Nxd5 15.Rc1 Qb7
16.Nbd4 Nxd4 17.Qxd4 Bf6 18.Qd2 Rfd8 19.Rfd1 Ne3+ 20.Qxe3 Bxb2 21.Rxd8+ Rxd8
22.Rc2 Bf6 23.Rd2 Rc8 24.Qd3 h6 25.h4 a5 26.Rc2 Rd8 27.Qc4 b5 28.Qc5 e5 29.e3 g5
30.hxg5 hxg5 31.Qc6 Qxc6 32.Rxc6 Kg7 33.Rc5 e4 34.Nxg5 Re8 35.Rxb5 Bc3 36.Rb7 Kg6
37.Nxf7 Re6 38.Rd7 Bb4 39.Nd8 Rf6 40.Kf1 Bd6 41.Ke2 Be5 42.Rd5 Bc3 43.Nb7 Bb4
44.Nxa5 Ra6 45.Nc4 Rxa2+ 46.Kf1 Ra1+ 47.Kg2 Ra2 48.Nd6 Rb2 49.Nxe4 Rxb3 50.Rb5  1-0

[Event "XII Puhajarve Handicap"]
[Site "Puhajarve EST"]
[Date "2011.11.25"]
[Round "16"]
[White "Volodin,Alek"]
[Black "Miezis,N"]
[Result "1-0"]
[WhiteElo "2495"]
[BlackElo "2547"]

1.d4 Nf6 2.c4 e6 3.Nf3 Bb4+ 4.Nbd2 c5 5.a3 Bxd2+ 6.Bxd2 cxd4 7.Nxd4 d6 8.Qc2 O-O
9.e3 e5 10.Nf3 Nc6 11.Be2 Bg4 12.Bc3 Qe7 13.Rd1 Rfd8 14.b4 Rac8 15.O-O Bh5
16.b5 Nb8 17.Bb4 Bg6 18.Qa4 b6 19.Nh4 Ne4 20.Nxg6 hxg6 21.f3 Nc5 22.Qc2 Nbd7
23.Rd2 Nf6 24.Rfd1 Qe6 25.Bf1 Rd7 26.e4 g5 27.Qc3 g4 28.Qe3 gxf3 29.gxf3 Nh5
30.Rg2 Nf4 31.Rg4 Qf6 32.Qf2 Rdd8 33.Qg3 g6 34.Kh1 Kg7 35.Bc3 Nce6 36.Rh4 Nh5
37.Rxh5 Qf4 38.Qxf4 Nxf4 39.Rxe5 dxe5 40.Bxe5+ f6 41.Rxd8 Rxd8 42.Bxf4 Rd1
43.Kg2 Ra1 44.e5 Rxa3 45.e6 g5 46.Bd6 Re3 47.e7 Kf7 48.c5 bxc5 49.Bxc5 Re5
50.Bxa7 Kxe7 51.b6 Ra5 52.b7  1-0

[Event "XII Puhajarve Handicap"]
[Site "Puhajarve EST"]
[Date "2011.11.25"]
[Round "22"]
[White "Nyback,T"]
[Black "Miezis,N"]
[Result "1/2-1/2"]
[WhiteElo "2631"]
[BlackElo "2547"]

1.d4 Nf6 2.c4 e6 3.Nf3 Bb4+ 4.Nbd2 c5 5.a3 Bxd2+ 6.Bxd2 cxd4 7.Nxd4 d6 8.g3 e5
9.Nc2 Nc6 10.Bg2 O-O 11.O-O Be6 12.Ne3 d5 13.cxd5 Nxd5 14.Rc1 Nd4 15.Nc2 Nb3
16.Rb1 Nxd2 17.Qxd2 Nf4 18.Rfd1 Nxg2 19.Kxg2 Bf5 20.f3 Rc8 21.e4 Be6 22.Ne3 Bb3
23.Qxd8 Rfxd8 24.Rxd8+ Rxd8 25.Nf1 Rc8 26.Ne3 Rd8 27.Nf1 Rc8 28.Ne3  1/2-1/2

[Event "XII Puhajarve Handicap"]
[Site "Puhajarve EST"]
[Date "2011.11.25"]
[Round "28"]
[White "Korchnoi,V"]
[Black "Soot,M"]
[Result "0-1"]
[WhiteElo "2567"]
[BlackElo "2105"]

1.d4 e6 2.Nf3 Nf6 3.c4 Bb4+ 4.Nbd2 Qe7 5.Qc2 O-O 6.e4 d6 7.Be2 e5 8.O-O Bxd2
9.dxe5 Bxc1 10.exf6 Qxf6 11.Raxc1 Bg4 12.Qb3 b6 13.h3 Bh5 14.Qb5 Bxf3 15.Bxf3 Qe5
16.Rfd1 a6 17.Qxe5 dxe5 18.c5 b5 19.c6 a5 20.Be2 b4 21.Rd5 Re8 22.Bb5 a4
23.Rc4 a3 24.b3 Na6 25.Kf1 f6 26.Rd7 Rec8 27.Ke2 Kf8 28.h4 Nb8 29.Rd5 Na6
30.h5 h6 31.Kf3 Ra7 32.Kg4 Re8 33.Kf5 Kf7  0-1

[Event "TCh-NED Meesterklasse 2011-12"]
[Site "Netherlands NED"]
[Date "2011.11.26"]
[Round "3.1"]
[White "Grooten,H"]
[Black "Winants,L"]
[Result "1/2-1/2"]
[WhiteElo "2333"]
[BlackElo "2540"]

1.d4 Nf6 2.c4 e6 3.Nf3 Bb4+ 4.Nbd2 d6 5.Qc2 c5 6.dxc5 dxc5 7.b3 Nc6 8.e3 e5
9.Bb2 e4 10.Ng5 Bxd2+ 11.Qxd2 Qe7 12.O-O-O h6 13.Nh3 Bg4 14.Be2 Rd8 15.Qc2 Rxd1+
16.Rxd1 Bxe2 17.Qxe2 Nb4 18.Kb1 Nd3 19.Ba1 O-O 20.Nf4 Nxf4 21.exf4 Re8 22.g4 Qe6
23.f5 Qc6 24.h4 e3 25.f3 Qc7 26.Bb2 Qf4 27.Rd3 h5 28.g5 Nh7 29.Bc1 Qxf5 30.Kb2 Nf8
31.Rxe3 Rxe3 32.Bxe3 Qe5+ 33.Ka3 Ng6 34.Qf2 b6 35.Bd2 Kh7 36.Qe1 Qxe1 37.Bxe1 Ne5
38.Bg3 Nxf3 39.Bb8 Nxh4 40.Bxa7 Nf3 41.Bxb6 h4 42.Bxc5 h3 43.Bd6 Nxg5 44.b4 Ne4
45.Bh2 g5 46.b5 g4 47.b6 g3 48.Bxg3 Nxg3 49.b7 h2 50.b8=Q h1=Q 51.Qxg3 f5
52.Qd3 Kg6 53.Kb4 Qe1+ 54.Kb3 Kg5 55.c5 f4 56.c6 Qe6+ 57.Qc4 Qe3+ 58.Ka4 Qa7+
59.Kb5 Qb8+ 60.Kc5 Qf8+ 61.Kd4 Qh8+ 62.Kd3 Qh7+ 63.Qe4 Qc7 64.Ke2 Kf6 65.a4 Qe7  1/2-1/2

[Event "X Mario Covas"]
[Site "Santos BRA"]
[Date "2011.11.26"]
[Round "1.1"]
[White "Molina,Rob"]
[Black "Leitao,R"]
[Result "1/2-1/2"]
[WhiteElo "2418"]
[BlackElo "2626"]

1.d4 Nf6 2.c4 e6 3.Nf3 Bb4+ 4.Nbd2 O-O 5.a3 Be7 6.e3 d5 7.Bd3 c5 8.dxc5 a5
9.O-O Nbd7 10.cxd5 Nxc5 11.Be2 Nxd5 12.Nb3 Qb6 13.Nxc5 Bxc5 14.Bd3 Bd7 15.Qe2 Ba4
16.e4 Ne7 17.b4 axb4 18.axb4 Bxb4 19.Be3 Qa5 20.Nd2 Bxd2 21.Bxd2 Qc7 22.Rfc1 Bc6
23.Rab1 Rfd8 24.Be3 Rd7 25.Bb6 Qe5 26.Rc5 Qd6 27.Rc3 Ng6 28.Qe3 h6 29.f3 Ra2
30.Bf1 Qe5 31.Rc5 Qf6 32.Ra5 Rad2 33.Raa1 e5 34.Ba5 R2d4 35.Bc3 Ra4 36.Rxa4 Bxa4
37.Rb6 Bc6 38.Rb1 Qe6 39.Qc5 Kh7 40.Ra1 Qf6 41.Qe3 Qg5 42.Qxg5 hxg5 43.Kf2 f6
44.g3 g4 45.fxg4 Bxe4 46.Ke3 Bc2 47.Rc1 Rd1 48.Rxd1 Bxd1 49.h3 Bc2 50.Bg2 b6
51.Kd2 Bb1 52.Kc1 Ba2 53.Be4 Bf7 54.Bb4 Kg8 55.g5 Nf8 56.Bd2 fxg5 57.Bxg5 Be6
58.h4 Nd7 59.Bc6 Nc5 60.Bd8 Nb3+ 61.Kb2 Nd4 62.Be4 Ne2 63.g4 Bxg4 64.Bxb6 Kf7
65.Kc2 Ng3 66.Bb7 Bd7 67.Kd2 Ke6 68.Bg2 Kd6 69.Bf2 Nh5 70.Ke3 Nf6 71.Be1 Bc6
72.Bb4+ Kc7 73.Ba5+ Kd7 74.Bh3+ Ke8 75.Be6 Ke7 76.Bc4 Ng4+ 77.Ke2 Kf6 78.Ba6 Ke6
79.Bb6 Nf6 80.Bd8 Kf5 81.Ke3 Kg4 82.Bc4 Kxh4 83.Bc7 Ng4+ 84.Ke2 Bd7 85.Kf3 Kg5
86.Kg3 Kf6 87.Bd8+ Kg6 88.Bc7 Ne3 89.Bd3+ Bf5 90.Bb5 Kf6 91.Bb6 Nc2 92.Bc4 Ke7
93.Bc5+ Kd7 94.Bf8 g6 95.Bg7 Kd6 96.Bf8+ Kd7 97.Bg7 Ne3 98.Bb3 Be6 99.Kf3 Nf5
100.Ba4+ Kd6 101.Bf8+ Ne7 102.Kg3 Bf5 103.Kh4 Ke6 104.Bb3+ Kf6 105.Bh6 Nc6
106.Bg5+ Kg7 107.Kg3 Nd4 108.Bc4 Be6 109.Ba6 Bd5 110.Bc8 Kf7 111.Ba6 Nf5+
112.Kf2 Nd6 113.Bd3 Be4 114.Be2 Ke6 115.Bc1 Kf6 116.Ba3 Nf5 117.Bb4 g5 118.Ba5 Nh6
119.Bb5 Bd5 120.Bd8+ Kf5 121.Kg3 Nf7 122.Bc7 e4 123.Be8 Ne5 124.Bb6 Nc4 125.Ba7 Ne5
126.Ba4 Bc6 127.Bb3 Nd3 128.Be3 Nf4 129.Bd1 Be8 130.Bg4+ Ke5 131.Bd1 Bd7
132.Bb3 Ne2+ 133.Kf2 Nd4 134.Bd1 g4 135.Bc1 Kd5 136.Kg3 Nf5+ 137.Kf4 g3 138.Bc2 e3
139.Bxf5  1/2-1/2

[Event "TCh-SVK Extraliga 2011-12"]
[Site "Slovakia SVK"]
[Date "2011.11.26"]
[Round "3"]
[White "Stohl,I"]
[Black "Plachetka,J"]
[Result "1-0"]
[WhiteElo "2524"]
[BlackElo "2388"]

1.d4 Nf6 2.Nf3 e6 3.c4 Bb4+ 4.Nbd2 d5 5.Qa4+ Nc6 6.a3 Be7 7.e3 O-O 8.Qc2 a5
9.b3 Bd7 10.Bd3 a4 11.b4 dxc4 12.Nxc4 Na7 13.O-O Bb5 14.e4 h6 15.Qe2 Ne8
16.e5 Qd5 17.Bb2 f5 18.exf6 Bxf6 19.Rfe1 Nd6 20.Rac1 Nxc4 21.Bxc4 Bxc4 22.Rxc4 c6
23.Qxe6+ Qxe6 24.Rxe6 Nb5 25.Kf1 Kf7 26.Re3 Rfd8 27.Ke2 Rd5 28.Ne5+ Bxe5
29.dxe5 Ke6 30.Rd3 Rxd3 31.Kxd3 Rd8+ 32.Ke2 h5 33.Rh4 g6 34.Rf4 Kd5 35.Kd3 Ke6+
36.Kc2 Kd5 37.Rf7 Rb8 38.Rg7 Rf8 39.f3 b6 40.Rxg6 Rf5 41.Rf6  1-0